000 00626 a2200205 4500
001 61109
005 20260407155902.0
008 260407a1964 arg spa d
003 AR-UNSa-BCEJYS
040 _aAR-UNSa-BCEJYS
_bspa
_cAR-UNSa-BCEJYS
080 _a336.2
_xIngresos públicos (Derecho tributario)
245 1 0 _aEl hecho generador de la obligación tributaria
264 1 _aBuenos Aires :
_bEdiciones Depalma
_c1964
300 _axv, 114 p.
_c20 cm.
041 _aspa
942 _cBK
590 _aniveau_biblio:m niveau_hierar:0
100 1 _aFalcão, Amilcar de Araújo
700 1 _aGiuliani Fonrouge, Carlos M.
999 _c7228
_d7228